|
|
|
|
| LEADER |
00000nam0a2200000 4500 |
| 001 |
278597 |
| 005 |
20250423140016.0 |
| 035 |
|
|
|a (RuTPU)RU\TPU\book\301874
|
| 090 |
|
|
|a 278597
|
| 100 |
|
|
|a 20141212d1986 k y0rusy50 ca
|
| 101 |
0 |
|
|a rus
|
| 102 |
|
|
|a RU
|
| 105 |
|
|
|a a z 001zy
|
| 200 |
1 |
|
|a Парастратиграфические группы флоры и фауны триаса
|f Всесоюзный научно-исследовательский геологический институт (ВСЕГЕИ) ; под ред. А. Н. Олейников ; под ред. А. И. Жамойда
|
| 210 |
|
|
|a Ленинград
|c Недра
|d 1986
|
| 215 |
|
|
|a 283 с.
|c ил.
|
| 225 |
1 |
|
|a Труды Всесоюзного научно-исследовательского геологического института (ВСЕГЕИ)
|v Т. 334
|
| 225 |
1 |
|
|a Труды. Новая серия
|
| 320 |
|
|
|a Библиогр.: с. 197-201
|
| 320 |
|
|
|a Палеонтологические таблицы: с. 202-225
|
| 500 |
1 |
0 |
|a Труды Всесоюзного научно-исследовательского геологического института
|9 88882
|
| 606 |
1 |
|
|a Организмы ископаемые
|2 stltpush
|3 (RuTPU)RU\TPU\subj\47306
|9 66359
|
| 606 |
1 |
|
|a Триасовые отложения
|2 stltpush
|3 (RuTPU)RU\TPU\subj\61590
|9 78775
|
| 610 |
1 |
|
|a палеофауна
|
| 610 |
1 |
|
|a палеофлора
|
| 610 |
1 |
|
|a стратиграфия
|
| 610 |
1 |
|
|a таксоны
|
| 610 |
1 |
|
|a радиолярии
|
| 610 |
1 |
|
|a мшанки
|
| 610 |
1 |
|
|a иглокожие
|
| 610 |
1 |
|
|a кишечнополостные
|
| 610 |
1 |
|
|a водоросли
|
| 610 |
1 |
|
|a споры
|
| 610 |
1 |
|
|a триас
|
| 610 |
1 |
|
|a СССР
|
| 610 |
1 |
|
|a территории
|
| 610 |
1 |
|
|a органические остатки
|
| 610 |
1 |
|
|a использование
|
| 610 |
1 |
|
|a изучение
|
| 675 |
|
|
|a 56
|v 3
|
| 675 |
|
|
|a 551.761
|v 3
|
| 702 |
|
1 |
|a Олейников
|b А. Н.
|4 340
|
| 702 |
|
1 |
|a Жамойда
|b А. И.
|4 340
|
| 712 |
0 |
2 |
|a Всесоюзный научно-исследовательский геологический институт (ВСЕГЕИ)
|c (Ленинград)
|c (1939-1991)
|3 (RuTPU)RU\TPU\col\11367
|
| 801 |
|
1 |
|a RU
|b 63413507
|c 20141212
|
| 801 |
|
2 |
|a RU
|b 63413507
|c 20160526
|g RCR
|
| 850 |
|
|
|a 63413507
|
| 942 |
|
|
|c CR
|